| 000 | 00885nam a2200301Ia 4500 | ||
|---|---|---|---|
| 003 | OSt | ||
| 005 | 20221007125442.0 | ||
| 006 | a|||||r|||| 00| 0 | ||
| 007 | ta | ||
| 008 | 221006b |||||||| |||| 00| 0 eng d | ||
| 020 | _a0470856254 (hbd) | ||
| 024 | _a12004 | ||
| 037 | _cTextual | ||
| 040 |
_aCDL _cCDL _beng |
||
| 041 |
_2eng _aeng |
||
| 082 | _aE5:891g, P3.5 Carc | ||
| 100 |
_aPaquette Leo A Ed. _9721960 |
||
| 245 | 0 | _aHandbook of reagents for organic synthesis | |
| 260 |
_aChichester _bJohn Wiley & Sons Ltd. _c2003 |
||
| 300 |
_ax, 594p. _ccm. |
||
| 490 | _vVol 5 | ||
| 500 | _aIncludes bibliographical references; Index 555-594p. | ||
| 650 | _a Organic compounds | ||
| 650 | _a Synthesis | ||
| 650 | _aChemical tests and reagents | ||
| 942 |
_hE5:891g, P3.5 Carc _cTEXL _2CC |
||
| 999 |
_c1215306 _d1215306 |
||